| 000 | 01588nam a2200265 4500 | ||
|---|---|---|---|
| 999 |
_c63998 _d63998 |
||
| 001 | 768714001 | ||
| 003 | CO-MdFUSB | ||
| 005 | 20170825165554.0 | ||
| 008 | 170823s2017 xxu||||| |||| 00| 0 spa d | ||
| 022 | _a0120-3649 | ||
| 040 |
_aCO-MdFUSB _bspa _cCO-MdFUSB _dCO-MdFUSB |
||
| 041 | _aita | ||
| 100 |
_aVigorelli, Ilaria _eautor |
||
| 245 |
_aBasilio di Cesarea e la sua attenzione alla relazione (σχέσις) nella contesa trinitaria con Eunomio∗ _f/ Vigorelli, Ilaria |
||
| 300 |
_aVolumen 67. Número 183 (2001), páginas 209-235 _c: 28 cm. |
||
| 520 | 1 | _aEl artículo aborda la discusión entre Basilio y Eunomio, y se detiene a analizar la respuesta del obispo de Cesarea a las dos vías que asumió el subordinacionismo del anomeo. La argumentación del texto se centra en la recurrencia del término σχέσις en el Adversus eunomium de Basilio, con el fin de mostrar que el interés por la relación que emerge en su consideración de los nombres divinos relativos es una cuestión que no solo contribuyó a la teología de los nombres divinos, sino que también condujo a una ampliación de la metafísica en clave relacional; ampliación que hizo posible la formulación completa del dogma trinitario. | |
| 546 | _aTexto en Italiano | ||
| 650 | 7 |
_9320 _aTeología bíblica |
|
| 653 | _aBasilio di Cesarea | ||
| 653 | _aRelación | ||
| 653 | _aOntología trinitaria | ||
| 653 | _aEunomio | ||
| 773 | 0 |
_049424 _976096 _dBogotá _oR1632 _tTheologica Xaveriana _w(CO-MdFUSB)63 _x0120-3649 _gVolumen 67. Número 183 (2001), páginas 209-235 _qPágina 209 |
|
| 942 | _cANA | ||